000 00703nam a2200157 a 4500
008 100719s2009 ||||||||||||||||| || u
050 _aBOZ(01)
110 _aBank Of Zambia (BOZ)
245 1 0 _aGlobal financial crisis and its impact on Zambia
260 _aLusaka
_bBank of Zambia (BOZ)
_c2009
300 _a8p.
350 _a0.00
650 _aFINANCIAL CRISES--ZAMBIA
995 _aSPECIAL COLLECTIONS
_D0.00
_e03006862
_FCBU-MAIN LIBRARY (Kitwe)
_H1
_I0.00
_jZAM PER BOZ(01)2009A
_M1
_UAVAILABLE
_WJul 22, 2010
_y03006862
_ZZambiana Collection
995 _aSPECIAL COLLECTIONS
_D0.00
_e03006863
_FCBU-MAIN LIBRARY (Kitwe)
_H1
_I0.00
_jZAM PER BOZ(01)2009B
_M2
_UAVAILABLE
_WJul 22, 2010
_y03006863
_ZZambiana Collection
999 _c75934
_d75934